| 000 | 00447nam a22001457a 4500 | ||
|---|---|---|---|
| 999 |
_c17207 _d17207 |
||
| 008 | 180924b xxu||||| |||| 00| 0 eng d | ||
| 020 | _a0495100293 | ||
| 100 | _aJames, Richard K. | ||
| 245 |
_aCrisis Intervention Strategies _cRichard K. James |
||
| 250 |
_a6th ed. _bInternational Student Edition |
||
| 260 |
_aUSA _bThomson Brooks _c2008 |
||
| 300 | _axxvi, 664p. | ||
| 650 |
_aCrisis Intervention _vMental health Services |
||
| 942 |
_2lcc _cBK |
||